Podivný príbeh Petra Schlemihla

Bibliographic Details
Main Author: Chamisso, Adelbert von, 1781-1838 (Author)
Other Authors: Kresák, Svetozár, 1893-1966 (Translator, Author of introduction, etc.)
Format: Book
Language:Slovak
German
PhysicalDescription:106, [2] s. 8°
Published: Bratislava SVKL 1959
Series:Malá svetová knižnica
Subjects:

MARC

LEADER 00000nam a2200000 a 4500
001 vtls008322990
003 SK-MaSNL
005 20260301164619.0
008 181127s1959 xo 000 slo
015 |a SKSNBA1959/03-00560 
035 |a SK01SNK19590015207 
035 |a SKM000017670 
040 |a SNK  |b slo  |c SNK  |e AACR2 
041 1 |a slo  |h ger 
044 |a xo  |c SK 
080 |a 830-3  |2 1981 
100 1 |a Chamisso, Adelbert von,  |d 1781-1838  |4 aut  |9 105635 
240 1 0 |a Peter Schlemihls wundersame Geschichte  |l Slovensky 
245 1 0 |a Podivný príbeh Petra Schlemihla  |c Adalbert von Chamisso ; z nem. pôv. Peter Schlemihls wundersame Geschichte, ..., Stuttgatr 1883, prel. doslov a pozn. nap. Svetozár Kresák 
260 |a Bratislava  |b SVKL  |c 1959  |e Liptovský Mikuláš  |f Tlačiarne SNP 
300 |a 106, [2] s.  |c 8° 
490 1 |a Malá svetová knižnica  |v zv. 28 
563 |a 8230 výtl. 
650 0 7 |a nemecké novely  |2 SNK  |9 532261 
655 7 |a umelecká literatúra  |2 SNKPH  |9 60405 
700 1 |a Kresák, Svetozár,  |d 1893-1966  |4 trl  |4 aui  |9 222967 
730 |a Peter Schlemihls wundersame Geschichte  |9 532262 
830 0 |a Malá svetová knižnica  |9 307721 
852 |a Slovenská národná knižnica v Martine  |b 10000  |h SD 16771 
852 |a Slovenská národná knižnica v Martine  |b 10000  |h SD 16771 D1 
919 |a brož. 
958 |a OND 
958 |a TL 
958 |a DE 
958 |a LX 
958 |a UP 
958 |a RK 
999 |c 821213  |d 823143 
952 |a SNK  |b SNK  |y PREZ  |7 0  |p 17A0606718  |o snkSD 16771  |i snkKSP 817/59  |0 0  |1 0  |4 0  |d 2009-01-16  |l 0  |r 2025-12-01 00:00:00  |w 2026-02-24 
952 |a SNK  |b SNK  |y VYP  |7 0  |p 17A0323737  |o snkSD 16771 D1  |i snkKSP 818/59  |0 0  |1 0  |4 0  |d 2009-01-16  |l 0  |r 2026-02-24 03:06:30  |w 2026-02-24